000 00781nam a22001937a 4500
999 _c61022
_d61022
005 20231207123254.0
008 231207s1975 ru ||||| |||| 00| 0 rus d
041 _arus
080 _a94(3) K-84
100 _aКрушкол Ю.С.
_920619
245 _aХрестоматия по истории Древнего мира /
_cЮ.С. Крушкол, Н.Ф. Мурыгина, Е.А. Черкасова.
264 _aМ.:
_bПросвещение,
_c1975.
300 _a271 с.;
_b23 см.
653 _aანტიკური სამყარო
653 _aისტორია
700 _aМурыгина, Н.Ф.
_eშემდგენელი
_920620
700 _aЧеркасова, Е.А.
_eშემდგენელი
_920621
942 _2udc
_cᲬᲘᲒᲜᲘ